000
00330nam a2200121Ia 4500
008
220216s9999 xx 000 0 und d
100
_a
Rhodes Edgar
245
0
_a
Creaming latex with gum tragacanth
260
_b
Journal of the Rubber Research Institute of Malaya
_c
1935
300
_a
137-139
700
_a
Sekar K C
942
_c
JS
999
_c
56499
_d
56499